Central Library OPAC University of Rajshahi

Sprachkurs Deutsch :Neufassung : Unterrichtswerk für Erwachsene. / (Record no. 11454)

MARC details
000 -LEADER
fixed length control field 00687nam a22002177a 4500
001 - CONTROL NUMBER
control field 11454
003 - CONTROL NUMBER IDENTIFIER
rucl marc code BD-RjUL
005 - DATE AND TIME OF LATEST TRANSACTION
control field 20211208235129.0
008 - FIXED-LENGTH DATA ELEMENTS--GENERAL INFORMATION
fixed length control field 140126r19961992ii c|||| |||| 001 0 eng d
035 ## - SYSTEM CONTROL NUMBER
System control number (BD-RjUL)11503
040 ## - CATALOGING SOURCE
Original cataloging agency BD-RjUL
Language of cataloging eng
Transcribing agency BD-RjUL
041 ## - LANGUAGE CODE
Language code of text/sound track or separate title eng
082 04 - DEWEY DECIMAL CLASSIFICATION NUMBER
Classification number 438
Author mark and year SPR 1995
Edition number 23
245 ## - TITLE STATEMENT
Title Sprachkurs Deutsch :Neufassung : Unterrichtswerk für Erwachsene. /
Statement of responsibility, etc. By Ulrich Häussermann [ Et..... All]
260 ## - PUBLICATION, DISTRIBUTION, ETC. (IMPRINT)
Place of publication, distribution, etc. Frankfurt am Main :
Name of publisher, distributor, etc. Diesterweg .
Date of publication, distribution, etc. 1992 [Reprent 1995]
300 ## - PHYSICAL DESCRIPTION
Pagination vii,295p. :
Illustrations ill. ;
Size 26cm.
504 ## - BIBLIOGRAPHY, ETC. NOTE
Bibliography, etc Includes Bibliography
650 07 - SUBJECT ADDED ENTRY--TOPICAL TERM
Topical term or geographic name as entry element Sprachkurs Deutsch
9 (RLIN) 35412
700 1# - ADDED ENTRY--PERSONAL NAME
Personal name Ulrich Häussermann
942 ## - ADDED ENTRY ELEMENTS (KOHA)
Source of classification or shelving scheme Dewey Decimal Classification
Koha item type Books
Holdings
Lost status Source of classification or shelving scheme Damaged status Not for loan Collection code Permanent Location Current Location Shelving location Date acquired Source of acquisition Cost, normal purchase price Total Checkouts Full call number Date last seen Copy number Koha item type
  Dewey Decimal Classification   Not For Loan Non-fiction Central Library, University of Rajshahi Central Library, University of Rajshahi Reading Room 25/09/1996 Zecent Book Ship 250.00   438 SPR 1995 26/01/2014 C-5 Books
  Dewey Decimal Classification     Non-fiction Central Library, University of Rajshahi Central Library, University of Rajshahi   25/09/1996 Zeitlinger 250.00   438 SPR 1995 01/09/2016 C-2 Books
  Dewey Decimal Classification     Non-fiction Central Library, University of Rajshahi Central Library, University of Rajshahi   25/09/1996 Zeitlinger 250.00   438 SPR 1995 01/09/2016 C-3 Books
  Dewey Decimal Classification     Non-fiction Central Library, University of Rajshahi Central Library, University of Rajshahi   25/09/1996 Zeitlinger 250.00   438 SPR 1995 01/09/2016 C-4 Books